000 00727nab a22002297a 4500
001 07586
003 HDC
007 cr bn ---aaaaa
008 210128c20140902my ||||| |||| 00| 0 may d
040 _aHDC
245 0 _aKerjasama Jakim & DagangHalal Berhad
336 _atext
_2rdacontent
337 _acomputer
_2rdamedia
338 _aonline resource
_2rdacarrier
650 _aFood
_xReligious aspects
_xIslam
_9239
650 _aMuslims
_xDietary laws
_9815
710 _aUtusan Malaysia
856 _zRequest full-text at [email protected]
942 _2lcc
942 _cNEWS
942 _kNWSC 002009
999 _c4909
_d4909